{"text_format":"3","workbook":"xlsx","n_sheets":1,"sheets":["t359"],"read":"whole","date_system":"1900"}

{"sheet":"t359","index":0,"n_rows":182,"n_cols":7,"rows_kept":182,"merged":[[0,0,0,6],[30,0,30,5],[46,0,46,5],[152,0,152,5]]}
["TABELA 359.1 - Estatísticas Agrícolas, Município de Narandiba, Estado de São Paulo, 2007/08."]
["ITEM","UNIDADE","N.DE UPAs","MÍNIMO","MÉDIO","MÁXIMO","TOTAL"]
["Distância à sede do município","km",282,0.2,{"v":19.66,"d":"19.7"},{"v":48,"d":"48.0"},"-"]
["Área total","hectare",282,0.6,130.4,{"v":13949.6,"d":"13,949.6"},{"v":36773.7,"d":"36,773.7"}]
["Área com cultura perene","hectare",22,0.3,{"v":6.42,"d":"6.4"},24.8,141.3]
["Área com cultura temporária","hectare",104,0.1,{"v":91.21,"d":"91.2"},{"v":2700,"d":"2,700.0"},{"v":9485.6,"d":"9,485.6"}]
["Área com pastagem","hectare",235,0.4,{"v":95.79,"d":"95.8"},{"v":9552.9,"d":"9,552.9"},{"v":22510,"d":"22,510.0"}]
["Área com reflorestamento","hectare",21,0.1,{"v":4.97,"d":"5.0"},50.8,104.3]
["Área com vegetação natural","hectare",92,0.1,{"v":45.62,"d":"45.6"},{"v":1589.9,"d":"1,589.9"},{"v":4196.9,"d":"4,196.9"}]
["Área com vegetação de brejo e várzea","hectare",7,0.5,{"v":10.04,"d":"10.0"},{"v":43,"d":"43.0"},70.3]
["Área em descanso","hectare",5,{"v":2,"d":"2.0"},{"v":8.02,"d":"8.0"},19.3,40.1]
["Área complementar","hectare",251,0.1,0.9,{"v":56,"d":"56.0"},225.2]
["Área das UPAs com (0, 1] ha","hectare",2,0.6,0.8,{"v":1,"d":"1.0"},1.6]
["Área das UPAs com (1, 2] ha","hectare",3,1.2,{"v":1.57,"d":"1.6"},1.8,4.7]
["Área das UPAs com (2, 5] ha","hectare",56,2.4,{"v":3.13,"d":"3.1"},{"v":5,"d":"5.0"},175.1]
["Área das UPAs com (5, 10] ha","hectare",15,{"v":6,"d":"6.0"},{"v":7.85,"d":"7.9"},9.6,117.7]
["Área das UPAs com (10, 20] ha","hectare",100,10.8,{"v":15.97,"d":"16.0"},{"v":20,"d":"20.0"},{"v":1597.2,"d":"1,597.2"}]
["Área das UPAs com (20, 50] ha","hectare",53,24.2,{"v":32.73,"d":"32.7"},48.4,{"v":1734.8,"d":"1,734.8"}]
["Área das UPAs com (50, 100] ha","hectare",21,50.8,{"v":70.54,"d":"70.5"},97.9,{"v":1481.3,"d":"1,481.3"}]
["Área das UPAs com (100, 200] ha","hectare",12,{"v":104,"d":"104.0"},{"v":159.95,"d":"160.0"},{"v":183,"d":"183.0"},{"v":1919.4,"d":"1,919.4"}]
["Área das UPAs com (200, 500] ha","hectare",11,{"v":230,"d":"230.0"},{"v":296.46,"d":"296.5"},423.7,{"v":3261.1,"d":"3,261.1"}]
["Área das UPAs com (500, 1.000] ha","hectare",4,520.8,652.9,728.3,{"v":2611.6,"d":"2,611.6"}]
["Área das UPAs com (1.000, 2.000] ha","hectare",2,{"v":1389.8,"d":"1,389.8"},{"v":1633.4,"d":"1,633.4"},{"v":1877,"d":"1,877.0"},{"v":3266.8,"d":"3,266.8"}]
["Área das UPAs com (2.000, 5.000] ha","hectare",2,{"v":2144.5,"d":"2,144.5"},{"v":3326.4,"d":"3,326.4"},{"v":4508.3,"d":"4,508.3"},{"v":6652.8,"d":"6,652.8"}]
["Área das UPAs com (5.000, 10.000] ha","hectare","-","-","-","-","-"]
["Área das UPAs acima de 10.000 ha","hectare",1,{"v":13949.6,"d":"13,949.6"},{"v":13949.6,"d":"13,949.6"},{"v":13949.6,"d":"13,949.6"},{"v":13949.6,"d":"13,949.6"}]
["Familiares do proprietário que trabalham na UPA","unidade",216,{"v":1,"d":"1.0"},{"v":1.76,"d":"1.8"},{"v":52,"d":"52.0"},{"v":381,"d":"381.0"}]
["Trabalhadores permanentes","unidade",63,{"v":1,"d":"1.0"},{"v":3.59,"d":"3.6"},{"v":48,"d":"48.0"},{"v":226,"d":"226.0"}]
["Fonte: Secretaria de Agricultura e Abastecimento, CDRS/IEA, Projeto LUPA."]
[]
["TABELA 359.2 - Explorações Animais, Município de Narandiba, Estado de São Paulo, 2007/08."]
["ITEM","UNIDADE","N.DE UPAs","MÍNIMO","MÉDIO","MÁXIMO","TOTAL"]
["Asininos E Muares","cabeças",9,{"v":1,"d":"1.0"},{"v":7.11,"d":"7.1"},{"v":50,"d":"50.0"},{"v":64,"d":"64.0"}]
["Avestruzes e Ema (Criadouro)","cabeças",1,{"v":80,"d":"80.0"},{"v":80,"d":"80.0"},{"v":80,"d":"80.0"},{"v":80,"d":"80.0"}]
["Bovinocultura de Corte","cabeças",65,{"v":7,"d":"7.0"},{"v":297.32,"d":"297.3"},{"v":7000,"d":"7,000.0"},{"v":19326,"d":"19,326.0"}]
["Bovinocultura Leiteira","cabeças",27,{"v":5,"d":"5.0"},{"v":29.44,"d":"29.4"},{"v":180,"d":"180.0"},{"v":795,"d":"795.0"}]
["Bovinocultura Mista","cabeças",104,{"v":2,"d":"2.0"},{"v":32.19,"d":"32.2"},{"v":250,"d":"250.0"},{"v":3348,"d":"3,348.0"}]
["Caprinocultura","cabeças",2,{"v":4,"d":"4.0"},{"v":12,"d":"12.0"},{"v":20,"d":"20.0"},{"v":24,"d":"24.0"}]
["Equinocultura","cabeças",149,{"v":1,"d":"1.0"},{"v":5.97,"d":"6.0"},{"v":206,"d":"206.0"},{"v":890,"d":"890.0"}]
["Outra Exploração Animal","cabeças",1,{"v":18,"d":"18.0"},{"v":18,"d":"18.0"},{"v":18,"d":"18.0"},{"v":18,"d":"18.0"}]
["Ovinocultura","cabeças",17,{"v":1,"d":"1.0"},{"v":63,"d":"63.0"},{"v":320,"d":"320.0"},{"v":1071,"d":"1,071.0"}]
["Piscicultura","m² tanques",1,{"v":5000,"d":"5,000.0"},{"v":5000,"d":"5,000.0"},{"v":5000,"d":"5,000.0"},{"v":5000,"d":"5,000.0"}]
["Sericicultura","gramas larvas/ano",4,{"v":1,"d":"1.0"},{"v":127.75,"d":"127.8"},{"v":240,"d":"240.0"},{"v":511,"d":"511.0"}]
["Suinocultura","cabeças",15,{"v":1,"d":"1.0"},{"v":9.93,"d":"9.9"},{"v":63,"d":"63.0"},{"v":149,"d":"149.0"}]
["Fonte: Secretaria de Agricultura e Abastecimento, CDRS/IEA, Projeto LUPA."]
[]
["TABELA 359.3 -  Máquinas, Implementos e Benfeitorias, Município de Narandiba, Estado de São Paulo, 2007/08."]
["ITEM","UNIDADE","N.DE UPAs","MÍNIMO","MÉDIO","MÁXIMO","TOTAL"]
["Arado Comum (Bacia, Aiveca)","Unidade",42,{"v":1,"d":"1.0"},{"v":1.57,"d":"1.6"},{"v":10,"d":"10.0"},{"v":66,"d":"66.0"}]
["Arado Escarificador","Unidade",5,{"v":1,"d":"1.0"},1.2,{"v":2,"d":"2.0"},{"v":6,"d":"6.0"}]
["Arado Subsolador","Unidade",7,{"v":1,"d":"1.0"},{"v":1.57,"d":"1.6"},{"v":4,"d":"4.0"},{"v":11,"d":"11.0"}]
["Batedeira de Cereais","Unidade",4,{"v":1,"d":"1.0"},1.5,{"v":2,"d":"2.0"},{"v":6,"d":"6.0"}]
["Câmara Fria","Unidade",1,{"v":1,"d":"1.0"},{"v":1,"d":"1.0"},{"v":1,"d":"1.0"},{"v":1,"d":"1.0"}]
["Carregadeira de Cana","Unidade",1,{"v":5,"d":"5.0"},{"v":5,"d":"5.0"},{"v":5,"d":"5.0"},{"v":5,"d":"5.0"}]
["Colhedeira Acoplada","Unidade",5,{"v":1,"d":"1.0"},1.2,{"v":2,"d":"2.0"},{"v":6,"d":"6.0"}]
["Colhedeira Automotriz","Unidade",4,{"v":1,"d":"1.0"},{"v":1.25,"d":"1.3"},{"v":2,"d":"2.0"},{"v":5,"d":"5.0"}]
["Computador","Unidade",1,{"v":1,"d":"1.0"},{"v":1,"d":"1.0"},{"v":1,"d":"1.0"},{"v":1,"d":"1.0"}]
["Conj.Irrigação Autopropelido","Unidade",2,{"v":1,"d":"1.0"},1.5,{"v":2,"d":"2.0"},{"v":3,"d":"3.0"}]
["Conj.Irrigação Convencional","Unidade",4,{"v":1,"d":"1.0"},{"v":1.25,"d":"1.3"},{"v":2,"d":"2.0"},{"v":5,"d":"5.0"}]
["Conj.Irrigação Pivot Central","Unidade",1,{"v":1,"d":"1.0"},{"v":1,"d":"1.0"},{"v":1,"d":"1.0"},{"v":1,"d":"1.0"}]
["Conj.Irrigação/Gotejamento/Microaspersão","Unidade",2,{"v":1,"d":"1.0"},{"v":1,"d":"1.0"},{"v":1,"d":"1.0"},{"v":2,"d":"2.0"}]
["Conjunto de Fenação","Unidade",2,{"v":1,"d":"1.0"},{"v":1,"d":"1.0"},{"v":1,"d":"1.0"},{"v":2,"d":"2.0"}]
["Desintegrador, Picador, Triturador","Unidade",50,{"v":1,"d":"1.0"},{"v":1.16,"d":"1.2"},{"v":4,"d":"4.0"},{"v":58,"d":"58.0"}]
["Distribuidor de Calcário","Unidade",11,{"v":1,"d":"1.0"},{"v":1.73,"d":"1.7"},{"v":3,"d":"3.0"},{"v":19,"d":"19.0"}]
["Ensiladeira","Unidade",13,{"v":1,"d":"1.0"},{"v":1.23,"d":"1.2"},{"v":2,"d":"2.0"},{"v":16,"d":"16.0"}]
["Grade Aradora (Tipo Romi)","Unidade",27,{"v":1,"d":"1.0"},{"v":1.89,"d":"1.9"},{"v":12,"d":"12.0"},{"v":51,"d":"51.0"}]
["Grade Niveladora","Unidade",30,{"v":1,"d":"1.0"},1.8,{"v":15,"d":"15.0"},{"v":54,"d":"54.0"}]
["Implementos para Tração Animal","Unidade",32,{"v":1,"d":"1.0"},{"v":3.28,"d":"3.3"},{"v":6,"d":"6.0"},{"v":105,"d":"105.0"}]
["Microtrator","Unidade",6,{"v":1,"d":"1.0"},{"v":1,"d":"1.0"},{"v":1,"d":"1.0"},{"v":6,"d":"6.0"}]
["Misturador de Ração","Unidade",3,{"v":1,"d":"1.0"},{"v":1,"d":"1.0"},{"v":1,"d":"1.0"},{"v":3,"d":"3.0"}]
["Ordenhadeira Mecânica","Unidade",2,{"v":1,"d":"1.0"},{"v":1,"d":"1.0"},{"v":1,"d":"1.0"},{"v":2,"d":"2.0"}]
["Pulverizador Tratorizado","Unidade",19,{"v":1,"d":"1.0"},{"v":1.53,"d":"1.5"},{"v":3,"d":"3.0"},{"v":29,"d":"29.0"}]
["Resfriador de Leite, Tanque Expansão","Unidade",6,{"v":1,"d":"1.0"},{"v":1,"d":"1.0"},{"v":1,"d":"1.0"},{"v":6,"d":"6.0"}]
["Semeadeira/Adubadeira para Plantio Convencional","Unidade",13,{"v":1,"d":"1.0"},{"v":1,"d":"1.0"},{"v":1,"d":"1.0"},{"v":13,"d":"13.0"}]
["Semeadeira/Plantadeira Plantio Direto","Unidade",5,{"v":1,"d":"1.0"},1.6,{"v":4,"d":"4.0"},{"v":8,"d":"8.0"}]
["Terraceador","Unidade",3,{"v":1,"d":"1.0"},{"v":1,"d":"1.0"},{"v":1,"d":"1.0"},{"v":3,"d":"3.0"}]
["Trator de Esteiras","Unidade",3,{"v":1,"d":"1.0"},{"v":1.67,"d":"1.7"},{"v":3,"d":"3.0"},{"v":5,"d":"5.0"}]
["Trator de Pneus","Unidade",56,{"v":1,"d":"1.0"},{"v":2.21,"d":"2.2"},{"v":16,"d":"16.0"},{"v":124,"d":"124.0"}]
["Açude/Represa","Unidade",53,{"v":1,"d":"1.0"},{"v":3.11,"d":"3.1"},{"v":38,"d":"38.0"},{"v":165,"d":"165.0"}]
["Almoxarifado/Oficina","Unidade",6,{"v":1,"d":"1.0"},{"v":1,"d":"1.0"},{"v":1,"d":"1.0"},{"v":6,"d":"6.0"}]
["Armazém para Grãos Ensacados","Sacas",3,{"v":1,"d":"1.0"},{"v":1,"d":"1.0"},{"v":1,"d":"1.0"},{"v":3,"d":"3.0"}]
["Balança para Bovinos","Unidade",9,{"v":1,"d":"1.0"},{"v":1.56,"d":"1.6"},{"v":4,"d":"4.0"},{"v":14,"d":"14.0"}]
["Balança para Veículos","Unidade",2,{"v":1,"d":"1.0"},{"v":2,"d":"2.0"},{"v":3,"d":"3.0"},{"v":4,"d":"4.0"}]
["Barracão para Bicho da Seda/Sirgaria","Unidade",5,{"v":1,"d":"1.0"},{"v":1,"d":"1.0"},{"v":1,"d":"1.0"},{"v":5,"d":"5.0"}]
["Barracão para Granja/Avicultura","Unidade",4,{"v":1,"d":"1.0"},{"v":2,"d":"2.0"},{"v":3,"d":"3.0"},{"v":8,"d":"8.0"}]
["Barracão/Galpão/Garagem","Unidade",75,{"v":1,"d":"1.0"},{"v":1.37,"d":"1.4"},{"v":5,"d":"5.0"},{"v":103,"d":"103.0"}]
["Biodigestor","Unidade",1,{"v":1,"d":"1.0"},{"v":1,"d":"1.0"},{"v":1,"d":"1.0"},{"v":1,"d":"1.0"}]
["Casa de Moradia Habitada","Unidade",201,{"v":1,"d":"1.0"},{"v":1.78,"d":"1.8"},{"v":34,"d":"34.0"},{"v":357,"d":"357.0"}]
["Casa de Moradia Total","Unidade",212,{"v":1,"d":"1.0"},{"v":2.09,"d":"2.1"},{"v":34,"d":"34.0"},{"v":444,"d":"444.0"}]
["Curral/Mangueira","Unidade",113,{"v":1,"d":"1.0"},{"v":1.11,"d":"1.1"},{"v":6,"d":"6.0"},{"v":125,"d":"125.0"}]
["Depósito/Tulha","Unidade",111,{"v":1,"d":"1.0"},{"v":1.24,"d":"1.2"},{"v":6,"d":"6.0"},{"v":138,"d":"138.0"}]
["Estábulo","Unidade",11,{"v":1,"d":"1.0"},{"v":1.45,"d":"1.5"},{"v":3,"d":"3.0"},{"v":16,"d":"16.0"}]
["Fábrica de Ração","Unidade",1,{"v":1,"d":"1.0"},{"v":1,"d":"1.0"},{"v":1,"d":"1.0"},{"v":1,"d":"1.0"}]
["Instalações para Equinos","Unidade",3,{"v":2,"d":"2.0"},{"v":6.67,"d":"6.7"},{"v":14,"d":"14.0"},{"v":20,"d":"20.0"}]
["Máquina de Benefício","Unidade",1,{"v":1,"d":"1.0"},{"v":1,"d":"1.0"},{"v":1,"d":"1.0"},{"v":1,"d":"1.0"}]
["Pocilga","Unidade",10,{"v":1,"d":"1.0"},2.5,{"v":10,"d":"10.0"},{"v":25,"d":"25.0"}]
["Poço Semi-Artesiano","Unidade",49,{"v":1,"d":"1.0"},{"v":1.18,"d":"1.2"},{"v":8,"d":"8.0"},{"v":58,"d":"58.0"}]
["Posto Meteorológico","Unidade",1,{"v":2,"d":"2.0"},{"v":2,"d":"2.0"},{"v":2,"d":"2.0"},{"v":2,"d":"2.0"}]
["Secador de Grãos","Unidade",1,{"v":1,"d":"1.0"},{"v":1,"d":"1.0"},{"v":1,"d":"1.0"},{"v":1,"d":"1.0"}]
["Silo para Silagem","t",4,{"v":1,"d":"1.0"},{"v":3,"d":"3.0"},{"v":5,"d":"5.0"},{"v":12,"d":"12.0"}]
["Usina de Açúcar/destilaria","Unidade",1,{"v":1,"d":"1.0"},{"v":1,"d":"1.0"},{"v":1,"d":"1.0"},{"v":1,"d":"1.0"}]
["Fonte: Secretaria de Agricultura e Abastecimento, CDRS/IEA, Projeto LUPA."]
[]
["TABELA 359.4 - Outras Estatísticas Agrícolas, Município de Narandiba, Estado de São Paulo, 2007/08."]
["ITEM","Número de UPAs",null,"Percentual"]
["Faz Parte de Associação de Produtores",131,null,{"v":46.45390070921986,"d":"46.5"}]
["Faz Parte de Cooperativa de Produtores",81,null,{"v":28.72340425531915,"d":"28.7"}]
["Faz Parte do Sindicato de Produtores",140,null,{"v":49.64539007092199,"d":"49.6"}]
["Não utiliza assistência técnica ",34,null,{"v":12.056737588652481,"d":"12.1"}]
["Utiliza somente assistência técnica governamental ",156,null,{"v":55.319148936170215,"d":"55.3"}]
["Utiliza somente assistência técnica privada ",78,null,{"v":27.659574468085108,"d":"27.7"}]
["Utiliza assistência técnica tanto governamental quanto privada",14,null,{"v":4.964539007092199,"d":"5.0"}]
["Utiliza Crédito Rural",50,null,{"v":17.73049645390071,"d":"17.7"}]
["Utiliza Seguro Rural",3,null,{"v":1.0638297872340425,"d":"1.1"}]
["Utiliza Escrituração Agrícola",229,null,{"v":81.20567375886525,"d":"81.2"}]
["Acessa Internet p/ Fins na Agropecuária",9,null,{"v":3.1914893617021276,"d":"3.2"}]
["Utiliza Computador nas Atividades Agropecuárias",11,null,{"v":3.900709219858156,"d":"3.9"}]
["Utiliza Energia Elétrica Para Uso na Atividade Agrícola",252,null,{"v":89.36170212765957,"d":"89.4"}]
["Realiza Análise de Solo, quando necessário",166,null,{"v":58.86524822695036,"d":"58.9"}]
["Utiliza Práticas de Conservação de Solo, quando necessário",236,null,{"v":83.68794326241135,"d":"83.7"}]
["Faz Adubação Mineral, quando necessário",129,null,{"v":45.74468085106383,"d":"45.7"}]
["Faz Adubação Orgânica, quando necessário",34,null,{"v":12.056737588652483,"d":"12.1"}]
["Faz Adubação Verde, quando necessário",13,null,{"v":4.609929078014185,"d":"4.6"}]
["Utiliza Manejo Integrado de Pragas (MIP)",6,null,{"v":2.127659574468085,"d":"2.1"}]
["Utiliza Hidroponia",1,null,{"v":0.3546099290780142,"d":"0.4"}]
["Utiliza Plasticultura","-",null,"-"]
["Utiliza Mudas Fiscalizadas",113,null,{"v":40.0709219858156,"d":"40.1"}]
["Utiliza Semente Melhorada",120,null,{"v":42.5531914893617,"d":"42.6"}]
["Faz Confinamento de Bovinos",1,null,{"v":0.3546099290780142,"d":"0.4"}]
["Utiliza Pastejo Intensivo",8,null,{"v":2.8368794326241136,"d":"2.8"}]
["Faz Inseminação Artificial",1,null,{"v":0.3546099290780142,"d":"0.4"}]
["Faz Mineralização do Rebanho",185,null,{"v":65.60283687943262,"d":"65.6"}]
["Faz Vermifugação do Rebanho",185,null,{"v":65.60283687943262,"d":"65.6"}]
["Possui Parceiros /Arrendatários na Exploração Animal",4,null,{"v":1.4184397163120568,"d":"1.4"}]
["Esporte e lazer","-",null,"-"]
["Extração mineral","-",null,"-"]
["Hotel Fazenda, Pousada ou SPA","-",null,"-"]
["Pesque-pague","-",null,"-"]
["Restaurante ou Lanchonete","-",null,"-"]
["Transformação artesanal","-",null,"-"]
["Turismo rural ou ecoturismo","-",null,"-"]
["Outras atividades econômicas rurais",3,null,{"v":1.0638297872340425,"d":"1.1"}]
["Agroindústria","-",null,"-"]
["Proprietário sem instrução ou com instrução incompleta",63,null,{"v":22.340425531914892,"d":"22.3"}]
["Proprietário com antigo primário completo",113,null,{"v":40.0709219858156,"d":"40.1"}]
["Proprietário com 1° grau (ou antigo ginasial) completo",25,null,{"v":8.865248226950355,"d":"8.9"}]
["Proprietário com 2° grau (ou antigo colegial) completo",30,null,{"v":10.638297872340425,"d":"10.6"}]
["Proprietário com curso superior completo ",41,null,{"v":14.539007092198583,"d":"14.5"}]
["Pessoa Jurídica",10,null,{"v":3.546099290780142,"d":"3.5"}]
["Proprietário residente na própria UPA ",138,null,{"v":48.93617021276596,"d":"48.9"}]
["Fonte: Secretaria de Agricultura e Abastecimento, CDRS/IEA, Projeto LUPA."]
[]
["TABELA 359.5 - Área Cultivada, Município de Narandiba, Estado de São Paulo, 2007/08."]
["CULTURA","N.DE UPAs","MÍNIMO","MÉDIO","MÁXIMO","TOTAL"]
["Braquiaria",200,0.4,{"v":106.57,"d":"106.6"},{"v":9552.9,"d":"9,552.9"},{"v":21314.2,"d":"21,314.2"}]
["Cana-de-acucar",54,0.1,{"v":97.35,"d":"97.4"},{"v":2000,"d":"2,000.0"},{"v":5256.7,"d":"5,256.7"}]
["Soja",11,7.1,{"v":357.62,"d":"357.6"},{"v":1030,"d":"1,030.0"},{"v":3933.8,"d":"3,933.8"}]
["Gramas",38,0.5,{"v":30.36,"d":"30.4"},259.1,{"v":1153.5,"d":"1,153.5"}]
["Mandioca",16,{"v":2,"d":"2.0"},{"v":11.84,"d":"11.8"},30.2,189.5]
["Eucalipto",21,0.1,{"v":4.97,"d":"5.0"},50.8,104.3]
["Milho",29,0.5,{"v":2.37,"d":"2.4"},{"v":15,"d":"15.0"},68.7]
["Manga",8,0.5,{"v":8.11,"d":"8.1"},{"v":16,"d":"16.0"},64.9]
["Pimenta",1,{"v":40,"d":"40.0"},{"v":40,"d":"40.0"},{"v":40,"d":"40.0"},{"v":40,"d":"40.0"}]
["Sorgo-forrageiro",3,{"v":6,"d":"6.0"},{"v":12.53,"d":"12.5"},{"v":24,"d":"24.0"},37.6]
["Amora (ou amora-branca)",9,{"v":1,"d":"1.0"},{"v":2.58,"d":"2.6"},{"v":6,"d":"6.0"},23.2]
["Seringueira",1,{"v":10,"d":"10.0"},{"v":10,"d":"10.0"},{"v":10,"d":"10.0"},{"v":10,"d":"10.0"}]
["Abacate",1,9.6,9.6,9.6,9.6]
["Lichia",4,0.6,{"v":2.08,"d":"2.1"},4.8,8.3]
["Pera",3,1.8,{"v":2.47,"d":"2.5"},3.6,7.4]
["Maracuja",4,0.5,{"v":1.68,"d":"1.7"},2.6,6.7]
["Jabuticaba",2,1.2,1.8,2.4,3.6]
["Caqui",1,3.6,3.6,3.6,3.6]
["Coloniao",2,{"v":1,"d":"1.0"},1.7,2.4,3.4]
["Fruta-do-conde (ou pinha, ou anona)",2,0.7,{"v":1.55,"d":"1.6"},2.4,3.1]
["Roma",1,2.4,2.4,2.4,2.4]
["Cafe",2,0.9,{"v":0.95,"d":"1.0"},{"v":1,"d":"1.0"},1.9]
["Uva fina",1,1.5,1.5,1.5,1.5]
["Capim-napier (ou capim-elefante)",3,0.1,{"v":0.43,"d":"0.4"},{"v":1,"d":"1.0"},1.3]
["Coco-da-baia",2,0.3,{"v":0.65,"d":"0.7"},{"v":1,"d":"1.0"},1.3]
["Feijao",1,{"v":1,"d":"1.0"},{"v":1,"d":"1.0"},{"v":1,"d":"1.0"},{"v":1,"d":"1.0"}]
["Pitanga",1,0.5,0.5,0.5,0.5]
["Fonte: Secretaria de Agricultura e Abastecimento, CDRS/IEA, Projeto LUPA."]